São Paulo Airport (GRU) Destinations - Statistics

General Stats
  • This quiz has been taken 757 times
    203 since last reset
  • The average score is 62 of 112
Answer Stats
Companies Destination % Correct
GOL | LATAM Brasil Rio de Janeiro-Galeão
95%
Azul Brazilian Airlines | LATAM Brasil Rio de Janeiro-Santos Dumont
95%
Aerolíneas Argentinas | flybondi | GOL | LATAM Brasil Buenos Aires-Aeroparque
93%
Aerolíneas Argentinas | Air Canada | Andes Líneas Aéreas | Ethiopian Airlines | flybondi | GOL | LATAM Brasil | Swiss | Turkish Airlines Buenos Aires-Ezeiza
93%
American Airlines | Delta Air Lines | LATAM Brasil New York-JFK
92%
Air France | LATAM Brasil Paris-Charles de Gaulle
92%
LATAM Brasil | LATAM Perú | Sky Airline Perú Lima
91%
Air China | Air Europa | Iberia | LATAM Brasil Madrid
91%
LATAM Brasil | TAP Portugal Lisbon
90%
TAP Portugal Porto
90%
American Airlines | LATAM Brasil Miami
89%
LATAM Brasil | LATAM Chile | Sky Airline | Turkish Airlines Santiago de Chile
89%
Avianca | LATAM Colombia Bogotá
88%
Air Canada Toronto-Pearson
88%
Emirates Dubai
87%
GOL | LATAM Brasil Brasília
85%
British Airways | LATAM Brasil London-Heathrow
85%
LATAM Brasil Los Angeles
84%
Aeroméxico | LATAM Brasil Mexico City
84%
ITA Airways | LATAM Brasil Rome-Fiumicino
84%
KLM Amsterdam
81%
United Airlines Houston-Intercontinental
81%
Azul Brazilian Airlines | GOL | LATAM Brasil Porto Alegre
81%
Azul Brazilian Airlines | GOL | LATAM Brasil Belo Horizonte-Confins
80%
Azul Brazilian Airlines | GOL | LATAM Brasil Curitiba
79%
GOL | LATAM Brasil Manaus
79%
GOL | LATAM Brasil Salvador
79%
Delta Air Lines Atlanta
77%
United Airlines Chicago-O'Hare
77%
Qatar Airways Doha
77%
Copa Airlines Panama City-Tocumen
77%
Azul Brazilian Airlines | GOL | LATAM Brasil Recife
77%
GOL | LATAM Paraguay Asunción
76%
American Airlines Dallas/Fort Worth
76%
LATAM Brasil | South African Airways Johannesburg-O.R. Tambo
76%
Ethiopian Airlines Addis Ababa
75%
LATAM Brasil Barcelona
75%
Azul Brazilian Airlines | GOL | LATAM Brasil Belém
75%
South African Airways Cape Town
75%
LATAM Brasil | Lufthansa Frankfurt
74%
Swiss Zürich
74%
GOL | LATAM Brasil Fortaleza
72%
Turkish Airlines Istanbul
72%
GOL | LATAM Brasil Montevideo
72%
Air Canada Montréal-Trudeau
72%
United Airlines Washington-Dulles
72%
GOL | LATAM Brasil Florianópolis
71%
LATAM Brasil Orlando
70%
Air China Beijing-Capital
69%
Lufthansa Münich
69%
Azul Brazilian Airlines | GOL | LATAM Brasil Natal
69%
TAAG Angola Airlines Luanda
67%
Delta Air Lines | LATAM Brasil Boston
66%
LATAM Brasil Milan-Malpensa
64%
GOL | LATAM Brasil Goiânia
63%
Avianca Medellín
62%
Boliviana de Aviación | GOL Santa Cruz de La Sierra-Viru Viru
62%
Royal Air Maroc Casablanca
60%
GOL | LATAM Brasil São Luís
60%
GOL | LATAM Brasil Vitória
60%
Azul Brazilian Airlines | GOL | LATAM Brasil Cuiabá
56%
GOL | LATAM Brasil Campo Grande
54%
GOL Córdoba
54%
GOL | LATAM Brasil João Pessoa
54%
GOL | LATAM Brasil Maceió
52%
United Airlines Newark
50%
LATAM Brasil Porto Velho
49%
LATAM Brasil Rio Branco
48%
GOL | LATAM Brasil Aracaju
47%
Aerolíneas Argentinas | GOL | LATAM Brasil Mendoza
47%
LATAM Brasil Macapá
44%
GOL | LATAM Brasil Palmas
44%
GOL San José
43%
GOL | LATAM Brasil Teresina
43%
GOL | LATAM Brasil Foz do Iguaçu
41%
VoePass Ribeirão Preto
40%
Boliviana de Aviación Cochabamba
39%
LATAM Brasil Londrina
39%
GOL | LATAM Brasil Uberlândia
39%
Arajet | GOL Punta Cana
38%
Aerolíneas Argentinas | Andes Líneas Aéreas | LATAM Brasil | Sky Airline San Carlos de Bariloche
38%
GOL | LATAM Brasil Porto Seguro
33%
Aerolíneas Argentinas Ushuaia
32%
GOL | LATAM Brasil Chapecó
31%
LATAM Brasil Joinville
30%
GOL | LATAM Brasil Maringá
28%
GOL | LATAM Brasil Vitória da Conquista
27%
Azul Brazilian Airlines | GOL | LATAM Brasil Ilhéus
26%
GOL | LATAM Brasil Navegantes
26%
LATAM Brasil São José do Rio Preto
26%
GOL | LATAM Brasil Pelotas
25%
GOL | LATAM Brasil Petrolina
24%
GOL | LATAM Brasil Cascavel
23%
GOL | LATAM Brasil Caxias do Sul
23%
GOL Campina Grande
22%
VoePass Juiz de Fora
22%
LATAM Brasil Montes Claros
22%
VoePass Presidente Prudente
22%
Aerolíneas Argentinas Salta
22%
GOL | LATAM Brasil Juazeiro do Norte
20%
Azul Brazilian Airlines Punta del Este
20%
LATAM Brasil Imperatriz
17%
GOL | LATAM Brasil Sinop
14%
GOL | LATAM Brasil Passo Fundo
13%
LATAM Brasil Caldas Novas
10%
GOL | LATAM Brasil Jericoacoara
10%
LATAM Brasil Jaguaruna
9%
GOL Santo Ângelo
5%
Azul Brazilian Airlines Araxá
4%
Andes Líneas Aéreas Posadas
4%
Aerolíneas Argentinas San Martin de los Andes
4%
GOL Oranjestad
1%
No matching quizzes found
Score Distribution
Percent of People with Each Score
Percentile by Number Answered
Your Score History
You have not taken this quiz since the last reset